000 01342nam a22003737a 4500
022 _a0070990719
082 _a005
_bSCH
_cL-25, P-17
100 _aScheid, Francis
_98741
245 _aTheory and Problems of Computers and Programming
260 _aSingapore
_bMcGraw Hill Book Company
_c1983
300 _a402p.
_c28cm.
526 _a0
_b0
_c0
_d005_000000000000000_SCH
526 _a0
_b0
_c0
_d005_000000000000000_SCH
526 _a0
_b0
_c0
_d005_000000000000000_SCH
526 _a0
_b0
_c0
_d005_000000000000000_SCH
526 _a0
_b0
_c0
_d005_000000000000000_SCH
526 _a0
_b0
_c0
_d005_000000000000000_SCH
526 _a0
_b0
_c0
_d005_000000000000000_SCH
526 _a0
_b0
_c0
_d005_000000000000000_SCH
526 _a0
_b0
_c0
_d005_000000000000000_SCH
526 _a0
_b0
_c0
_d005_000000000000000_SCH
526 _a0
_b0
_c0
_d005_000000000000000_SCH
526 _a0
_b0
_c0
_d005_000000000000000_SCH
526 _a0
_b0
_c0
_d005_000000000000000_SCH
526 _a0
_b0
_c0
_d005_000000000000000_SCH
526 _a0
_b0
_c0
_d005_000000000000000_SCH
526 _a0
_b0
_c0
_d005_000000000000000_SCH
526 _a0
_b0
_c0
_d005_000000000000000_SCH
526 _a0
_b0
_c0
_d005_000000000000000_SCH
526 _a0
_b0
_c0
_d005_000000000000000_SCH
526 _a0
_b0
_c0
_d005_000000000000000_SCH
650 _aMCE
_9379
942 _2ddc
_cBK
999 _c541629
_d541629